| 000 | 01290cam a2200325 i 4500 | ||
|---|---|---|---|
| 001 | 36701 | ||
| 003 | Mx-PuUPA | ||
| 005 | 20260312105831.0 | ||
| 008 | 140415s1995 mx a gr 001 0 spa d | ||
| 040 |
_cMx-PuUPA _aMx-PuUPA _bspa _dMx-PuUPA _erda |
||
| 041 | 0 | _aspa | |
| 245 | 1 | 0 |
_aJuan González, el intérprete entre Fray Juan de Zumárraga y el hoy Beato Juan Diego / _cMiguel Ángel Cerón Ruiz [y otros cuatro] ; prólogo por Enrique Roberto Salazar Salazar |
| 264 | 1 |
_aMéxico, D.F.: _bEditorial Hombre, _c1995 |
|
| 300 |
_a96 páginas : _bfotografías ; _c21 cm |
||
| 336 |
_2rdacontent _atexto _btxt |
||
| 337 |
_2rdamedia _asin medio _bn |
||
| 338 |
_2rdacarrier _avolumen _bnc |
||
| 490 | 0 |
_aMonumenta Histórica Guadalupanensia ; _v4 |
|
| 546 | _aIncluye texto en náhuatl. | ||
| 600 | 1 | 4 |
_aGonzález, Juan, _d1510-1590 _xPaleógrafo español |
| 600 | 1 | 4 |
_aGonzález, Juan, _d1510-1590 |
| 600 | 0 | 4 |
_aJuan Diego, _cSanto, _daproximadamente 1474-1548 |
| 600 |
_aZumárraga, Juan De, _d1468-1548 |
||
| 650 | 7 |
_2armarc _aMuseo Nacional de Historia |
|
| 700 | 1 |
_aCerón Ruiz, Miguel Angel, _917898 _eautor |
|
| 700 | 1 |
_aSalazar Salazar, Enrique Roberto, _eprologuista |
|
| 942 |
_2ddc _cLI _h417.17092 _iJ52 |
||
| 999 |
_c36701 _d36701 |
||